000 00274nam a2200109 a 4500
005 20201002061233.0
008 190329s2017 000 spa d
020 _a9789945902693
245 3 _aLa sierra y el plan sierra.
260 _aSanto Domingo,
_c2017.
999 _c48046
_d48046
040 _aDO-SdBNP